[Event "6th Banja Luka it"]
[Site "Banja Luka YUG"]
[Date "1985.04.23"]
[Round "12"]
[White "Djuric, Stefan"]
[Black "Sibarevic, Milenko"]
[Result "1-0"]
[WhiteElo "2470"]
[BlackElo "2355"]
[EventDate "1985.04.10"]
[PlyCount "73"]

1.d4 Nf6 2.c4 g6 3.g3 Bg7 4.Bg2 O-O 5.Nf3 d6 6.O-O c6 7.Nc3 Qa5 8.e4 Bg4 
9.h3 Bxf3 10.Qxf3 e5 11.d5 cxd5 12.cxd5 Nbd7 13.Bg5 Rfc8 14.Rfe1 Qb4 15.
Rab1 Ne8 16.h4 Rc7 17.Bh3 a6 18.Re2 b5 19.Kg2 Nef6 20.Rc1 Qa5 21.Rec2 h6 
22.Bxd7 Nxd7 23.Bd2 b4 24.Nd1 Rxc2 25.Rxc2 Nc5 26.b3 Qb5 27.Nb2 f5 28.exf5
e4 29.Qg4 gxf5 30.Qg6 Qe2 31.Bxh6 Qf3+ 32.Kg1 Ra7 33.Qxd6 Nd3 34.Qg6 Rc7 
35.Bxg7 Ne1 36.Be5+ Kf8 37.Bd6+ 1-0

[Event "6th Banja Luka it"]
[Site "Banja Luka YUG"]
[Date "1985.04.25"]
[Round "13"]
[White "Sibarevic, Milenko"]
[Black "Lechtynsky, Jiri"]
[Result "1/2-1/2"]
[WhiteElo "2355"]
[BlackElo "2445"]
[EventDate "1985.04.10"]
[PlyCount "75"]

1.e4 e6 2.d4 d5 3.Nd2 c5 4.Ngf3 cxd4 5.exd5 Qxd5 6.Bc4 Qd6 7.O-O Nf6 8.Nb3
Nc6 9.Nbxd4 Nxd4 10.Nxd4 a6 11.c3 Qc7 12.Qa4+ Bd7 13.Bb5 Bd6 14.Bxd7+ Nxd7
15.h3 O-O 16.Nf3 b5 17.Qh4 Ne5 18.Nxe5 Bxe5 19.Re1 Rfd8 20.a4 Bf6 21.Qe4 
Qc4 22.axb5 Qxb5 23.Ra4 a5 24.Qc2 Rab8 25.c4 Qb3 26.Qxb3 Rxb3 27.Rxa5 Bxb2
28.Rb5 Rxb5 29.cxb5 Bc3 30.Bg5 f6 31.Rc1 Bd4 32.Be3 Bxe3 33.fxe3 Rb8 34.
Rc5 Kf8 35.Kf2 Ke7 36.Rc7+ Kf8 37.Rc5 Ke7 38.Rc7+ 1/2-1/2

[Event "6th Banja Luka it"]
[Site "Banja Luka YUG"]
[Date "1985.04.25"]
[Round "13"]
[White "Klaric, Zlatko"]
[Black "Plaskett, Harold James"]
[Result "1/2-1/2"]
[WhiteElo "2480"]
[BlackElo "2495"]
[EventDate "1985.04.10"]
[PlyCount "75"]

1.d4 Nf6 2.Nc3 c5 3.dxc5 e6 4.e4 Qa5 5.Bd3 Qxc5 6.Nf3 d6 7.O-O a6 8.Be3 
Qc7 9.a4 Nc6 10.Nd2 b6 11.Nc4 Rb8 12.f4 Be7 13.Kh1 O-O 14.e5 dxe5 15.fxe5 
Nd5 16.Nxd5 exd5 17.Nd6 Nxe5 18.Nxc8 Qxc8 19.Bxh7+ Kxh7 20.Qh5+ Kg8 21.
Qxe5 Qe6 22.Qg3 Bd6 23.Bf4 Bxf4 24.Rxf4 Rbc8 25.Re1 Qd6 26.c3 Rce8 27.Ref1
Re2 28.b3 Qe5 29.Rd4 Qxg3 30.hxg3 Rc8 31.Rf3 Rc6 32.Kh2 Rb2 33.b4 Rb1 34.
g4 Rb3 35.Rxd5 Rbxc3 36.Rxc3 Rxc3 37.Rd6 Ra3 38.Rxb6 1/2-1/2

[Event "6th Banja Luka it"]
[Site "Banja Luka YUG"]
[Date "1985.04.25"]
[Round "13"]
[White "Velimirovic, Dragoljub"]
[Black "Psakhis, Lev"]
[Result "1/2-1/2"]
[WhiteElo "2500"]
[BlackElo "2555"]
[EventDate "1985.04.10"]
[PlyCount "23"]

1.e4 e5 2.Nf3 Nc6 3.Bb5 a6 4.Ba4 Nf6 5.O-O Be7 6.Re1 b5 7.Bb3 O-O 8.c3 d6 
9.h3 Bb7 10.d4 Re8 11.Ng5 Rf8 12.Nf3 1/2-1/2

[Event "6th Banja Luka it"]
[Site "Banja Luka YUG"]
[Date "1985.04.25"]
[Round "13"]
[White "Kurajica, Bojan"]
[Black "Gavric, Miladin"]
[Result "1-0"]
[WhiteElo "2535"]
[BlackElo "2265"]
[EventDate "1985.04.10"]
[PlyCount "77"]

1.Nf3 Nf6 2.c4 e6 3.g3 d5 4.Bg2 Be7 5.O-O O-O 6.d4 dxc4 7.Qc2 a6 8.Qxc4 b5
9.Qc2 Bb7 10.Bf4 Nd5 11.Nc3 Nxf4 12.gxf4 Nd7 13.Rfd1 Qc8 14.Rac1 c5 15.
dxc5 Nxc5 16.Qb1 Rd8 17.b4 Na4 18.Rxd8+ Qxd8 19.Nxa4 bxa4 20.Ne5 Bxg2 21.
Kxg2 Rc8 22.Rxc8 Qxc8 23.Qe4 Bd6 24.Nc4 Bf8 25.a3 g6 26.e3 Qd7 27.Ne5 Qb5 
28.Qa8 Qd5+ 29.Qxd5 exd5 30.Nd3 f5 31.Kf1 Kf7 32.Ke2 Ke8 33.Kd2 Kd7 34.Nb2
Bxb4+ 35.axb4 a3 36.Na4 a2 37.Nc5+ Kc6 38.Nb3 Kb5 39.Kc3 1-0

[Event "6th Banja Luka it"]
[Site "Banja Luka YUG"]
[Date "1985.04.25"]
[Round "13"]
[White "Farago, Ivan"]
[Black "Filipovic, Branko"]
[Result "1-0"]
[WhiteElo "2495"]
[BlackElo "2395"]
[EventDate "1985.04.10"]
[PlyCount "71"]

1.d4 Nf6 2.c4 g6 3.Nc3 d5 4.cxd5 Nxd5 5.e4 Nxc3 6.bxc3 Bg7 7.Bc4 c5 8.Ne2 
Nc6 9.Be3 O-O 10.O-O Bd7 11.Rb1 Rc8 12.Bd3 Na5 13.d5 e6 14.Qd2 Ba4 15.c4 
b5 16.Nc3 exd5 17.exd5 bxc4 18.Nxa4 cxd3 19.Bxc5 Re8 20.Qxd3 Rc7 21.d6 Nb7
22.Qd5 Qd7 23.Rfe1 Rcc8 24.Rxe8+ Rxe8 25.g3 Nxd6 26.Bxd6 Qxa4 27.Rb7 Re6 
28.Rb8+ Re8 29.Qa8 Qd1+ 30.Kg2 Qxd6 31.Rxe8+ Bf8 32.Rd8 Qa3 33.Qd5 a6 34.
Ra8 Kg7 35.Ra7 Be7 36.Qb7 1-0